Statistiques concernant Youtubers Francophones 1 million d'abonnés (2023)

Cliquez ici pour prendre le quiz!

Statistiques générales

  • Ce quiz a été pris 8 676 fois
    (552 depuis la dernière actualisation)
  • Le résultat moyen est 30 sur 211

Statistiques - réponses

AbonnésYoutuber% Correct
18,7 MSQUEEZIE
96%
14,5 MCyprien
92%
9,3 MMichou
90%
7,1 MInoxtag
89%
15,1 MTibo InShape
83%
11,6 MNorman
80%
5,9 MMastu
79%
6,0 MJOYCA
73%
8,4 MAmixem
72%
7,2 MMcfly et Carlito
67%
5,1 MNatoo
63%
4,3 MLeBouseuh
58%
3,1 MValouzz
54%
4,2 MGOTAGA
53%
6,3 MMister V
50%
2,0 MPidi
49%
2,8 MTHEODORT
48%
9,6 MLama Faché
46%
5,5 MSEB
45%
1,7 MAminematue
43%
5,5 MKevin Tran 陈科伟
38%
2,5 MKevin Tran L'Empereur
38%
6,4 MSwan & Néo
37%
4,8 MSQUEEZIE GAMING
34%
3,9 MPierre Croce
33%
1,5 MDjilsi
31%
2,7 MLéna Situations
30%
3,6 MEnjoyPhoenix - Marie Lopez
29%
4,7 MMichouOff
29%
5,0 MFastGoodCuisine
28%
3,8 MJoueur Du Grenier
28%
1,3 MDoigby
26%
4,7 MHugoposé
26%
3,4 MANDY
25%
7,4 MRémi GAILLARD
25%
6,0 MBigorneaux & Coquillages
24%
4,6 MDr Nozman
24%
4,9 MCYRILmp4
23%
3,8 MLE GRAND JD
23%
3,0 MJuju Fitcats
22%
4,0 MLe Monde à L'Envers
22%
1,9 MNeoxi
22%
2,5 MSora
22%
1,6 MDoc Jazy
21%
1,5 MHenry Tran
21%
4,3 ML'atelier de Roxane
21%
5,5 MFurious Jumper
20%
2,5 MHugoDécrypte - Actus du jour
20%
1,2 MHugoDécrypte - Grands formats
20%
4,8 MIbraTV
20%
2,4 MInoxtag 2.0
20%
1,5 MLOCKLEAR
20%
3,9 MTheKAIRI78
19%
3,0 MVodK
19%
2,1 MDooms
17%
1,0 MLinca
17%
5,2 MAnas-Le Bléd'Art
16%
2,0 Mgaelle garcia diaz
16%
3,4 MPoisson Fécond
16%
3,6 MStudio Bagel
16%
2,1 MGMK
15%
4,1 MGreg Guillotin
15%
1,0 MLucas Studio
15%
2,8 MMrAntoineDaniel
15%
3,4 MGolden Moustache (M6)
14%
4,0 MPalmashow
14%
2,1 MSofyan
14%
2,5 MWankil Studio - Laink et Terracid
14%
1,2 MDeujna
13%
1,4 MFeldup
13%
3,7 MLaSalle
13%
1,3 MGuizzi
12%
3,5 MLe Woop
12%
3,2 MLolywood
12%
2,8 MFuze III
11%
3,0 MSananas
11%
2,0 MDavidLafargePokemon
10%
2,6 MPolo
10%
2,9 MTrash
10%
2,1 MHugo Tout Seul
9%
1,9 MJIGMÉ
9%
1,8 MJimmy
9%
1,3 MKemar
9%
2,4 MNéo The One
9%
2,4 MVilebrequin
9%
1,3 MCHOCOH
8%
1,6 MMaskey
8%
1,8 MMATH
8%
2,3 MSiphano
8%
3,4 MCauet
7%
1,9 MFrigiel
7%
3,6 MGameMixTreize
7%
2,4 MGotagaTV
7%
1,3 MLonni
7%
2,0 MMcfly et Carlito la chaîne secondaire
7%
1,8 MStudio Bubble Tea
7%
1,4 MStudio Danielle
7%
2,8 MAYOUB
6%
2,0 MAziatomik
6%
1,9 MBazar du Grenier
6%
1,8 MBenjamin Verrecchia
6%
1,6 MBenoît - Diablox9
6%
2,2 MDoc Seven
6%
1,5 MLes Inachevés
6%
1,1 MMaxence
6%
1,1 MMickalow
6%
1,3 MMorgan VS
6%
2,0 MShera
6%
1,5 MTheFantasio974
6%
2,4 MTIM
6%
1,4 MWartek
6%
1,4 MAypierre
5%
2,1 MFabienOlicard
5%
1,1 MGurky
5%
1,3 MLouis-San
5%
1,5 MMahdi Ba
5%
2,4 MNota Bene
5%
1,0 MPOTATOZ
5%
1,6 MPRIME
5%
1,9 MPRINCE
5%
1,7 Mscoot 2 street
5%
1,2 MYoMax
5%
1,8 MBFA
4%
2,0 MBob Lennon
4%
1,5 MEmy LTR
4%
1,6 MIvan Bede
4%
1,7 MJamy - Epicurieux
4%
2,5 MJojol
4%
1,5 MMarie
4%
1,1 MMastu Gear 2
4%
1,1 MTaupe10
4%
1,4 MUnwin
4%
1,4 MZetFar
4%
1,2 MCharles & Mélanie
3%
1,7 MCOLAS BIM
3%
2,6 MDENYZEE
3%
1,4 MDEO TOONS
3%
1,2 MFarod
3%
1,8 MFarsAttack
3%
1,1 MGuillaume & Kim
3%
2,4 MHoria
3%
1,5 MJEREMSTAR
3%
1,5 MJust Riadh
3%
3,5 MLaChaineDeJeremy
3%
1,4 MLE ROI DES RATS
3%
2,2 MMamytwink
3%
1,5 MMathieu Sommet
3%
1,2 MNewtiteuf
3%
1,8 MPATLAREA
3%
2,5 MSkyrroz
3%
1,4 MSkyyart
3%
2,8 MTibo InShape Entrainement
3%
1,0 MYann-Cj23
3%
2,4 MYvan Monka
3%
1,2 MAdrien - ADRI GEEK
2%
1,1 MAgentgb
2%
2,5 MBATZAIR
2%
1,2 MDes Cuts & Des Zooms
2%
1,3 MEmma Paris
2%
1,0 MJojo Bernard
2%
1,1 MLa Ferme Jerome
2%
1,0 ML'autre chaîne de Cyprien
2%
1,1 MLeo Succulent
2%
1,1 MLe Règlement
2%
2,2 MLes Tutos
2%
1,6 MLinksTheSun
2%
1,3 Mludovik
2%
1,3 MMissouMakeup
2%
1,5 MMrBboy45
2%
1,9 MMrLEV12's Life
2%
2,6 MNexTaz
2%
1,4 MNinjaxx
2%
1,0 MPokémon Trash
2%
1,2 MSo Andy
2%
1,6 MSulivan Gwed
2%
1,2 MTARTIN
2%
1,5 MTopito
2%
3,1 MWass Freestyle
2%
1,2 MAlexandre Calvez
1%
1,2 MBapt&Gael
1%
1,1 MCrazyBomb World
1%
1,2 MDidi Chandouidoui
1%
1,1 M
DirtyBiology
1%
1,0 MEmmy
1%
1,1 Me-penser 2.0
1%
1,2 MiProMx
1%
1,1 Mjenesuispasjolie
1%
1,3 MJHON RACHID
1%
1,0 MLeChefOtaku
1%
2,1 MLe Jimmy Labeeu
1%
1,2 MLe Tatou
1%
2,2 MMafiastunting
1%
1,0 MMaile Akln
1%
2,0 MREDKILL
1%
1,3 MSeinhor9
1%
1,9 MSissy MUA
1%
1,0 MSophie Fantasy
1%
1,3 MZRKGlitcher
1%
1,3 MAMELINA KISS
0%
1,6 MbySankah Officiel
0%
1,0 MCarl is cooking
0%
1,2 MCaroline
0%
1,0 MJerezalto
0%
1,5 MJESSY
0%
1,6 MNabil 'Aiekillu' Lahrech
0%
1,4 MRAYTON
0%
1,0 MRose Carpet
0%
1,3 MSandrea
0%
1,2 MShadobass
0%
1,2 MTonioo25
0%
2,2 MTutoDraw
0%

Distribution des résultats

Percentile par nombre de réponses

% des personnes avec chaque résultat

Votre développement - résultats

Vous n’avez pas pris ce quiz depuis la dernière actualisation